| 000 | 00677nam a2200277Ia 4500 | ||
|---|---|---|---|
| 001 | AUWbook002272 | ||
| 003 | BDCtgAUW | ||
| 005 | 20260406155150.0 | ||
| 008 | 220908s9999 xx 000 0 eng d | ||
| 020 | _a0374224129 | ||
| 040 |
_aBDCtgAUW _cBDCtgAUW |
||
| 050 | _aND38.G73 | ||
| 100 | 1 | _aGreer, Germaine. | |
| 245 | 0 |
_aThe obstacle race : _bthe fortunes of women painters and their work / |
|
| 250 | _aFirst edition. | ||
| 260 |
_aNew York : _bFarrar, |
||
| 300 | _a373 pages. | ||
| 650 | 0 | _aFine arts. | |
| 650 | 0 | _aHistory. | |
| 650 | 0 | _aPainting. | |
| 650 | 0 | _aWomen Painters. | |
| 887 |
_a BRAC _22982 |
||
| 888 | _22982 | ||
| 942 |
_cBK _00 |
||
| 945 | _cBK | ||
| 999 |
_c17878 _d17878 |
||